Old Possum's book of practical cats / (Record no. 281)

MARC details
000 -LEADER
fixed length control field 01081cam a2200301 a 4500
005 - DATE AND TIME OF LATEST TRANSACTION
control field 20260322212013.0
008 - FIXED-LENGTH DATA ELEMENTS--GENERAL INFORMATION
fixed length control field data
010 ## - LIBRARY OF CONGRESS CONTROL NUMBER
LC control number 81020057
020 ## - INTERNATIONAL STANDARD BOOK NUMBER
International Standard Book Number 0151686564
020 ## - INTERNATIONAL STANDARD BOOK NUMBER
International Standard Book Number 015668568X (pbk.)
020 ## - INTERNATIONAL STANDARD BOOK NUMBER
International Standard Book Number 9780151686568
020 ## - INTERNATIONAL STANDARD BOOK NUMBER
International Standard Book Number 9780156685689 (pbk.)
040 ## - CATALOGING SOURCE
Original cataloging agency DLC
Transcribing agency DLC
Modifying agency DLC
050 00 - LIBRARY OF CONGRESS CALL NUMBER
Classification number PS3509.L43
Item number O55 1982
082 00 - DEWEY DECIMAL CLASSIFICATION NUMBER
Classification number 821/.912
Edition information 19
092 ## - LOCALLY ASSIGNED DEWEY CALL NUMBER (OCLC)
Classification number 821 O55 1982
001 - CONTROL NUMBER
control field data
100 1# - MAIN ENTRY--PERSONAL NAME
Personal name Eliot, T. S.
Dates associated with a name 1888-1965.
Fuller form of name (Thomas Stearns),
245 10 - TITLE STATEMENT
Title Old Possum's book of practical cats /
Statement of responsibility, etc. T. S. Eliot, Edward Gorey & Rouben Mamoulian Collection (Library of Congress).
250 ## - EDITION STATEMENT
Edition statement 1st ed.
260 ## - PUBLICATION, DISTRIBUTION, ETC.
Place of publication, distribution, etc. New York :
Name of publisher, distributor, etc. Harcourt Brace Jovanovich,
Date of publication, distribution, etc. 1982, c1939.
300 ## - PHYSICAL DESCRIPTION
Extent 56 p. :
Other physical details ill. ;
Dimensions 21 cm.
650 #0 - SUBJECT ADDED ENTRY--TOPICAL TERM
Topical term or geographic name entry element Cats
General subdivision Poetry.
700 1# - ADDED ENTRY--PERSONAL NAME
Personal name Gorey, Edward,
Dates associated with a name 1925-2000.
710 2# - ADDED ENTRY--CORPORATE NAME
Corporate name or jurisdiction name as entry element Rouben Mamoulian Collection (Library of Congress)
Institution to which field applies DLC
856 42 - ELECTRONIC LOCATION AND ACCESS
Materials specified Publisher description
Uniform Resource Identifier <a href="http://www.loc.gov/catdir/description/har041/81020057.html">http://www.loc.gov/catdir/description/har041/81020057.html</a>
856 42 - ELECTRONIC LOCATION AND ACCESS
Materials specified Contributor biographical information
Uniform Resource Identifier <a href="http://www.loc.gov/catdir/enhancements/fy1003/81020057-b.html">http://www.loc.gov/catdir/enhancements/fy1003/81020057-b.html</a>
Holdings
Withdrawn status Lost status Damaged status Not for loan Home library Current library Shelving location Date acquired Total checkouts Full call number Barcode Date last seen Price effective from Koha item type
        Troy Troy General stacks 22/03/2026   821/.912 19 BC0010290 22/03/2026 22/03/2026 Books